Flop (Registro nro. 30351)
[ vista simple ]
| 000 -LEADER | |
|---|---|
| fixed length control field | 00360nam a22001337a 4500 |
| 003 - CONTROL NUMBER IDENTIFIER | |
| control field | OSt |
| 005 - DATE AND TIME OF LATEST TRANSACTION | |
| control field | 20231127190934.0 |
| 008 - FIXED-LENGTH DATA ELEMENTS--GENERAL INFORMATION | |
| fixed length control field | 231127b |||||||| |||| 00| 0 eng d |
| 040 ## - CATALOGING SOURCE | |
| Transcribing agency | CO-JMCR |
| 082 ## - DEWEY DECIMAL CLASSIFICATION NUMBER | |
| Classification number | A / |
| Item number | CARl |
| 100 ## - MAIN ENTRY--PERSONAL NAME | |
| Personal name | Cardon Laurent |
| Relator term | autor |
| 9 (RLIN) | 42951 |
| 245 ## - TITLE STATEMENT | |
| Title | Flop |
| Remainder of title | La historia de un pececito japones en China / |
| Statement of responsibility, etc. | Laurent Cardon |
| 942 ## - ADDED ENTRY ELEMENTS (KOHA) | |
| Source of classification or shelving scheme | Dewey Decimal Classification |
| Koha item type | Books |
| Withdrawn status | Lost status | Source of classification or shelving scheme | Damaged status | Not for loan | Home library | Current library | Date acquired | Total Checkouts | Full call number | Barcode | Date last seen | Date last checked out | Price effective from | Koha item type | Public note |
|---|---|---|---|---|---|---|---|---|---|---|---|---|---|---|---|
| Dewey Decimal Classification | Biblored | Biblored | 11/27/2023 | 1 | A / CARl | 00000014097533 | 01/26/2024 | 01/24/2024 | 11/27/2023 | Books | Material Interbibliotecario Biblored |